=LDR 00000nam 2200000 4500 =001 INLIS000000000042358 =005 20140318103334.0 =006 =007 =008 ind =035 ##$$0010-101300000000280 =041 ##$$a ind =082 ##$$a 618 923 =090 ##$$a 618 923, Sod k =100 ##$$a Sodikin =245 ##$$a Keperawatan anak gangguan pencernaan , Sodikin; Ediotr, Ns dewi widiarti =260 ##$$a 2011 $b Jakarta =300 ##$$a Xiv,208 hlm, Ilus, 23 cm =650 ##$$a GANGGUAN PENCERNAAN PADA ANAK =700 ##$$a Ns Dwi widiarti =850 ##$$a NBPNMAT =990 ##$$a 21400613/BPAP-NTB/20142014 =990 ##$$a 0001/BPAP-NTB/20142014 =990 ##$$a 0001/BPAP-NTB/20142014 =990 ##$$a 0001/BPAP-NTB/20142014 =990 ##$$a 0001/BPAP-NTB/2016